Normal view
MARC view
- Zhukov, Georgiĭ Konstantinovich
Entry Personal Name
001 - CONTROL NUMBER
- control field: 49128
003 - CONTROL NUMBER IDENTIFIER
- control field: NUST
005 - DATE AND TIME OF LATEST TRANSACTION
- control field: 20210314134247.0
008 - FIXED-LENGTH DATA ELEMENTS
- fixed length control field: 210314|| aca||aabn | a|a d
040 ## - CATALOGING SOURCE
- Original cataloging agency: NUST
- Transcribing agency: NUST
100 ## - HEADING--PERSONAL NAME
- Personal name: Zhukov, Georgiĭ Konstantinovich
670 ## - SOURCE DATA FOUND
- Source citation: Work cat.: (NUST): Zhukov, Georgiĭ Konstantinovich,, The memoirs of Marshal Zhukov, 1971.
